| 000 | 01526nam0a2200349 i 4500 | ||
|---|---|---|---|
| 001 | RU\NLR\BIBL_A\010455010 | ||
| 005 | 20241103065805.0 | ||
| 010 |
_a9785209058335 _9100 |
||
| 021 |
_aRU _b2014-45744 _92774 |
||
| 035 | _a(NILC)RuMoRGB-007510270 | ||
| 035 | _a(NLR Aleph) 010455010 | ||
| 090 |
_a9946457 _c9946457 |
||
| 100 | _a20140827d2014 u y0rusy50 ca | ||
| 101 | 0 | _arus | |
| 102 | _aRU | ||
| 105 | _aa|||j||||||y| | ||
| 200 | 1 |
_aКачество жизни здорового и больного человека _eучебное пособие _f[И. В. Радыш и др.] |
|
| 210 |
_aМосква _cРоссийский университет дружбы народов _d2014 |
||
| 215 |
_a61 с. _cил. _d21 |
||
| 320 | _aБиблиогр.: с. 55 (10 назв.) | ||
| 606 |
_aБольные _jУчебные издания для высших учебных заведений _xКачество жизни _92168713 _3RU\NLR\AUTH\661304703 |
||
| 606 | 1 |
_aКачество жизни _jУчебные издания для высших учебных заведений _xПсихологические исследования _yРоссийская Федерация _92583501 _3RU\NLR\AUTH\661527136 |
|
| 686 | 1 | _aР11(2)2я73 | |
| 686 | 1 | _aР11(2)08я73 | |
| 686 | 1 | _aС550.473я73 | |
| 686 | 1 | _aС550.54я73 | |
| 702 | 1 |
_aРадыш _bИ. В. _gИван Васильевич _4220 |
|
| 801 | 0 |
_aRU _bРГБ _c20140624 _gRCR |
|
| 942 | _cBOOK | ||
| 980 | _aNBR | ||